| 000 | 00690cam a2200229 a 4500 | ||
|---|---|---|---|
| 008 | |||
| 020 | _a0582998131 (pbk. ) | ||
| 049 | _aMAIN | ||
| 050 | 0 | 0 | _aTA355 AND |
| 100 | 1 | _aAnderson, J. S. | |
| 245 | 1 | 0 |
_aSolving problems in vibrations / _cJ.S. Anderson, M. Bratos-Anderson. |
| 260 |
_aBurnt Mill, Harlow, Essex : _bLongman Scientific & Technical, _c1987. |
||
| 300 |
_a222 p. : _bill. ; _c25 cm. |
||
| 500 | _aIncludes index. | ||
| 650 | 0 |
_aVibration _xProblems, exercises, etc. |
|
| 700 | _aBratos-Anderson, M. | ||
| 907 |
_a.b10234962 _b23-02-07 _c23-02-07 |
||
| 003 | |||
| 005 | 20230123134411.0 | ||
| 040 | _cNUST | ||
| 942 | _cBOOKS | ||
| 999 |
_c165261 _d165261 |
||